000 00547nam a2200193Ia 4500
003 LDD
008 181029s9999 xx 000 0 und d
020 _a415174880
_c600.00
040 _cLDD
100 _aBeckerlegge, Gwilym
245 4 _aThe World religions reader
_cGwilym Beckerlegge
260 _aLondon
_bRoutledge
_c1998
300 _axxiii,478
365 _b600.00
901 _a1334
_b19-03-1998
902 _a40093/7/98
_b07-07-1998
_cF
_dSELECT
_e95
903 _aDiscount-10
_bReqst by : Ravindra Kumar
942 _2ddc
_cBK
999 _c60377
_d60377